Countries Closest To Tanzania - Statistics

General Stats
  • This quiz has been taken 24 times
  • The average score is 15 of 18
Answer Stats
Km² Answer % Correct
1401 Somalia
100%
0 Burundi
96%
1718 Ethiopia
96%
0 Kenya
96%
1903 Madagascar
96%
0 Malawi
96%
0 Mozambique
96%
0 Rwanda
96%
1305 South Sudan
96%
0 Uganda
96%
1373 Zimbabwe
91%
1027 Comoros
87%
2230 Central African Republic
83%
2184 Seychelles
83%
0 Zambia
83%
2134 Djibouti
70%
0 Democratic Republic Of Congo
22%
2267 Congo-Brazzaville
0%
No matching quizzes found
Score Distribution
Percent of People with Each Score
Percentile by Number Answered
Your Score History
You have not taken this quiz